00587nam a2200157 a 45000010005000000030005000050050017000100080041000270400026000682450138000942600045002324900028002779420008003059990015003139520101003285076CDMR20130116135304.0130130s1990||||||||||||||||||||||||||||d aCDMRbcatcCPC GIRONA 3aLa primera tesi doctoral sobre periodisme (Leipzig 1690)bNúmero especial commemoratiu del III Centenari de l'obra de Tobias Peucer c1990bSocietat Catalana de Comunicació0 aPeriodísticav392736 cMON c5076d5076 00104070aGIRONAbGIRONAd2010-12-03l0oBg 275pGIRONA1412301410r2013-01-16w2013-01-16yMON